| 000 | 00536nam a2200193Ia 4500 | ||
|---|---|---|---|
| 005 | 20260429112311.0 | ||
| 008 | 260429s9999||||xx |||||||||||||| ||und|| | ||
| 020 | _a9781032561936 | ||
| 041 | _aEnglish | ||
| 082 |
_a001.4 _bSAM |
||
| 100 | _aSamuels, Peter | ||
| 245 | 0 |
_aDoctoral proposal writing : _ba guide for international students / _cPeter Samuels |
|
| 250 | _a1st ed. | ||
| 260 |
_aUnited Kingdom : _bRoutledge, _c2025. |
||
| 300 | _axii, 123 p.; pbk | ||
| 650 | _a Proposal writing | ||
| 650 | _aResearch | ||
| 942 | _cTB | ||
| 999 |
_c53383 _d53383 |
||